Normal view
MARC view
- ADRIANO,
Entry Nombre Personal
001 - NUMERO DE CONTROL
- campo de control: 244
003 - IDENTIFICADOR DE NUMERO DE CONTROL
- campo de control: UPN
005 - FECHA Y HORA DE LA ÜLTIMA TRANSACCIÓN
- campo de control: 20210219193601.0
008 - DATOS DE LONGITUD FIJA
- campo de control de longitud fija: nabaccnnaabn|||||||||| b |nc|||||d
035 ## - NUMERO DE CONTROL
- Número de control: UPN10000000244
040 ## - FUENTE DE CATALOGACIÓN
- Lenguaje de catalogación: SPA
- Agencia de transcripción: UPN
100 0# - ENCABEZAMIENTO - NOMBRE PERSONAL
- Nombre personal: ADRIANO,
- Títulos u otras palabras asociadas al nombre: EMPERADOR DE ROMA,
- Fechas asociadas con el nombre: 76-138
670 ## - FUENTE EN LA QUE SE LOCALIZARON DATOS
- Cita de la fuente: LC
- Información localizada: Hadrian, Emperor of Rome, 76-138
902 ## - CATALOGADOR
- Catalogador: MMA/180105
